Re: trace dialogues : (Record no. 82)
[ view plain ]
| 000 -LEADER | |
|---|---|
| campo de control de longitud fija | 01583cam a2200373 a 4500 |
| 001 - NÚMERO DE CONTROL | |
| campo de control | 4086307 |
| 003 - IDENTIFICADOR DE NÚMERO DE CONTROL | |
| campo de control | 000093 |
| 005 - FECHA Y HORA DE LA ÚLTIMA TRANSACCIÓN | |
| campo de control | 20220326193248.0 |
| 008 - DATOS DE LONGITUD FIJA--INFORMACIÓN GENERAL | |
| campo de control de longitud fija | 030116s2002 enka b 100 0 eng d |
| 020 ## - NÚMERO INTERNACIONAL ESTÁNDAR DEL LIBRO | |
| Número Internacional Estándar del Libro | 0952316145 |
| 035 ## - NÚMERO DE CONTROL DEL SISTEMA | |
| Número de control de sistema | (OCoLC)51459804 |
| 035 ## - NÚMERO DE CONTROL DEL SISTEMA | |
| Número de control de sistema | (OCoLC)ocm51459804 |
| 035 ## - NÚMERO DE CONTROL DEL SISTEMA | |
| Número de control de sistema | (NNC)4086307 |
| 040 ## - FUENTE DE CATALOGACIÓN | |
| Centro catalogador/agencia de origen | CUS |
| Centro/agencia transcriptor | CUS |
| Centro/agencia modificador | CtY |
| 050 #4 - SIGNATURA TOPOGRÁFICA DE LA BIBLIOTECA DEL CONGRESO | |
| Número de clasificación | N6485 |
| Número de ítem | .R4 2002 |
| 082 ## - NÚMERO DE LA CLASIFICACIÓN DECIMAL DEWEY | |
| Número de clasificación | 707 |
| Número de ítem | R438r |
| 245 10 - MENCIÓN DEL TÍTULO | |
| Título | Re: trace dialogues : |
| Resto del título | essays on contemporary art and culture / |
| Mención de responsabilidad, etc. | edited by Jagjit Chuhan, Angela Dimitrakaki, Emma Thomas. |
| 246 3# - FORMA VARIANTE DEL TITULO | |
| Título propio/Titulo breve | Re:trace dialogues |
| 246 30 - FORMA VARIANTE DEL TITULO | |
| Título propio/Titulo breve | Trace dialogues |
| 246 30 - FORMA VARIANTE DEL TITULO | |
| Título propio/Titulo breve | Essays on contemporary art and culture |
| 260 ## - PUBLICACIÓN, DISTRIBUCIÓN, ETC. | |
| Lugar de publicación, distribución, etc. | Liverpool : |
| Nombre del editor, distribuidor, etc. | Liverpool School of Art and Design (Center for Art International Research), |
| Fecha de publicación, distribución, etc. | 2002. |
| 300 ## - DESCRIPCIÓN FÍSICA | |
| Extensión | 86 p. : |
| Otras características físicas | ill. (some col.) ; |
| Dimensiones | 25 cm. |
| 500 ## - NOTA GENERAL | |
| Nota general | "Essays based on dialogues from the Trace: Memory, Materiality and Context in Contemporary Art conference staged in 1999 by the Centre for Art International Research (CAIR) at Liverpool School of Art and Design in collaboration with the Liverpool Biennial of Contemporary Art." |
| 504 ## - NOTA DE BIBLIOGRAFÍA, ETC. | |
| Nota de bibliografía, etc. | Includes bibliographical references. |
| 650 #0 - PUNTO DE ACCESO ADICIONAL DE MATERIA--TÉRMINO DE MATERIA | |
| Término de materia o nombre geográfico como elemento de entrada | Art, Modern |
| Subdivisión cronológica | 20th century |
| Subdivisión de forma | Congresses. |
| 9 (RLIN) | 409 |
| 650 #0 - PUNTO DE ACCESO ADICIONAL DE MATERIA--TÉRMINO DE MATERIA | |
| Término de materia o nombre geográfico como elemento de entrada | Arte moderno |
| Subdivisión cronológica | S.XX |
| Subdivisión de forma | Congresos |
| 9 (RLIN) | 410 |
| 650 #0 - PUNTO DE ACCESO ADICIONAL DE MATERIA--TÉRMINO DE MATERIA | |
| Término de materia o nombre geográfico como elemento de entrada | Ensayos |
| Subdivisión de forma | Arte |
| -- | Cultura |
| 9 (RLIN) | 411 |
| 700 1# - ENTRADA AGREGADA--NOMBRE PERSONAL | |
| Nombre de persona | Chuhan, Jagjit, |
| Fechas asociadas al nombre | 1955- |
| 9 (RLIN) | 412 |
| 700 1# - ENTRADA AGREGADA--NOMBRE PERSONAL | |
| Nombre de persona | Dēmētrakakē, Antzela, |
| Fechas asociadas al nombre | 1968- |
| 9 (RLIN) | 413 |
| 700 1# - ENTRADA AGREGADA--NOMBRE PERSONAL | |
| Nombre de persona | Thomas, Emma. |
| 9 (RLIN) | 414 |
| 710 2# - ENTRADA AGREGADA--NOMBRE DE ENTIDAD CORPORATIVA | |
| Nombre de entidad corporativa o nombre de jurisdicción como elemento de entrada | Centre for Art International Research. |
| 9 (RLIN) | 415 |
| 711 2# - ENTRADA AGREGADA--NOMBRE DE REUNIÓN | |
| Nombre de congreso/reunión o jurisdicción como elemento de entrada | Liverpool Biennial of Contemporary Art. |
| 9 (RLIN) | 416 |
| Estatus retirado | Estado de pérdida | Fuente del sistema de clasificación o colocación | Estado de daño | No para préstamo | Biblioteca de origen | Biblioteca actual | Ubicación en estantería | Fecha de adquisición | Total de préstamos | Signatura topográfica completa | Código de barras | Visto por última vez | Precio de reemplazo | Tipo de ítem Koha |
|---|---|---|---|---|---|---|---|---|---|---|---|---|---|---|
| Clasificación Decimal Dewey | Biblioteca LadoV | Biblioteca LadoV | 25/04/2014 | 707 R438r | 000093 | 25/04/2014 | 25/04/2014 | Material 01 |
